000 00508nam a2200181 i 4500
001 20441
003 ES-MaACL
005 20250811063130.0
007 t|
008 021112s1873 sp ||||1| spa d
100 1 _aAguilera y López, José,
_d1819-1901
_918785
245 1 0 _aBreves lecciones de Geografía /
_cJosé Aguilera y López.
250 _a6ª ed.
260 _aGranada :
_bP.V. Sabatel,
_c1873.
300 _a189 p. ;
_c15 cm.
852 _aES-MaACL
_jD-2766
999 _c20441
_d20441